| 000 | 00407cam a22001217a 4500 | ||
|---|---|---|---|
| 008 | 180718b2010 xxu||||| |||| 00| 0 eng d | ||
| 020 | _a9788125040422 | ||
| 082 | _aT39x54 B288 | ||
| 245 |
_aThe WTO and India : Issues and Neogotiating Strategies _cEdited By Alokesh Barua and Robert M. Stern |
||
| 260 |
_aNew Delhi _bOrient Blackswan _c2010 |
||
| 300 | _a409p. | ||
| 700 | _aBarua, Alokesh and Stern M. Robert | ||
| 999 |
_c503104 _d503104 |
||